guess the song from the lyrics! - Statistics

General Stats
  • This quiz has been taken 28 times
  • The average score is 92 of 275
Answer Stats
Hint Answer % Correct
a
95%
I
95%
you
86%
You
86%
the
82%
to
82%
it
73%
me
73%
we
73%
We
73%
when
73%
When
73%
your
73%
do
68%
no
68%
is
64%
my
64%
And
55%
and
55%
don't
55%
I'm
55%
that
55%
you're
55%
be
50%
can
50%
hear
50%
(the actual lyrics start here) She
50%
she
50%
there
50%
we're
50%
her
45%
how
45%
it's
45%
like
45%
them
45%
all
41%
so
41%
So
41%
time
41%
was
41%
could
36%
know
36%
want
36%
get
32%
just
32%
one
32%
see
32%
too
32%
Yeah
32%
Baby
27%
up
27%
But
23%
feel
23%
night
23%
said
23%
down
18%
even
18%
need
18%
tell
18%
wasn't
18%
always
14%
come
14%
here
14%
hit
14%
mad
14%
make
14%
might
14%
more
14%
right
14%
think
14%
wanna
14%
back
9%
bad
9%
free
9%
gonna
9%
I've
9%
kiss
9%
last
9%
never
9%
Ooh
9%
phone
9%
That's
9%
whatever
9%
alone
5%
busy
5%
fuckin'
5%
gotta
5%
Hold
5%
hold
5%
home
5%
Let's
5%
lips
5%
long
5%
lost
5%
miss
5%
people
5%
real
5%
seem
5%
seen
5%
shit
5%
song
5%
takin'
5%
Well
5%
well
5%
work
5%
Wouldn't
5%
wouldn't
5%
almost
0%
along?
0%
along
0%
alright
0%
breath
0%
calm
0%
close
0%
clouds
0%
coughin'
0%
cute
0%
ear
0%
'em
0%
favorite
0%
flight
0%
gears
0%
god
0%
goddamn
0%
harder
0%
Hmm
0%
hmm
0%
inside
0%
longer
0%
missed
0%
okay
0%
rather
0%
really
0%
sleep
0%
spin
0%
switch
0%
Thank
0%
Touch
0%
trip
0%
trippin'
0%
Until
0%
until
0%
weed
0%
weird
0%
wheel
0%
No matching quizzes found
Score Distribution
Percent of People with Each Score
Percentile by Number Answered
Your Score History
You have not taken this quiz